The market for sustainable homes (Record no. 107114)

MARC details
000 -LEADER
fixed length control field 01334cad a22002175a 4500
001 - CONTROL NUMBER
control field L138307
008 - FIXED-LENGTH DATA ELEMENTS--GENERAL INFORMATION
fixed length control field 070525s2007 xxkd f s 000 0 eng d
035 ## - SYSTEM CONTROL NUMBER
System control number (Sirsi) u138307
041 0# - LANGUAGE CODE
Language code of text/sound track or separate title eng
050 04 - LIBRARY OF CONGRESS CALL NUMBER
Classification number 696.9 $2 18
110 2# - MAIN ENTRY--CORPORATE NAME
Corporate name or jurisdiction name as entry element Savills Research
9 (RLIN) 5211
245 04 - TITLE STATEMENT
Title The market for sustainable homes
Remainder of title summer 2007
Medium [electronic resource]
260 ## - PUBLICATION, DISTRIBUTION, ETC.
Place of publication, distribution, etc. London
Name of publisher, distributor, etc. Savills Research
Date of publication, distribution, etc. 2007
520 ## - SUMMARY, ETC.
Summary, etc. Presents research aimed at assessing the importance of sustainable homes to the market. Finds that while most UK households consider green issues to be important, they are not keen to pay more for this. Younger families with children give the issue greater weight. The Code for Sustainable Homes will increase build costs by up to £36,000. Since stamp duty exemption only applies to the first sale of a zero-carbon home, the benefit is limited. The cost/value gap must therefore be filled in other ways. Suggests combining environmentally friendly features with other benefits.
590 ## - LOCAL NOTE (RLIN)
Local note KA
650 24 - SUBJECT ADDED ENTRY--TOPICAL TERM
Topical term or geographic name entry element CODE FOR SUSTAINABLE HOMES
651 #4 - SUBJECT ADDED ENTRY--GEOGRAPHIC NAME
Geographic name United Kingdom
Chronological subdivision
690 ## - LOCAL SUBJECT ADDED ENTRY--TOPICAL TERM (OCLC, RLIN)
Topical term or geographic name as entry element ENVIRONMENTAL AND LAND CONSULTANCY-ENERGY-ENERGY USE-ENERGY EFFICIENCY
856 40 - ELECTRONIC LOCATION AND ACCESS
Uniform Resource Identifier <a href="https://www.ddq.org.uk/downloads/zerocarbon/Savills_The-Market-for-Sustainable-Homes_2007.pdf">https://www.ddq.org.uk/downloads/zerocarbon/Savills_The-Market-for-Sustainable-Homes_2007.pdf</a>
Public note View the item free of charge at www.ddq.org.uk
942 ## - ADDED ENTRY ELEMENTS (KOHA)
Suppress in OPAC 0
Holdings
Withdrawn status Lost status Source of classification or shelving scheme Damaged status Not for loan Home library Current library Shelving location Date acquired Total Checkouts Full call number Barcode Date last seen Copy number Price effective from Koha item type
    Dewey Decimal Classification     Virtual Virtual Online 25/05/2007   ONLINE PUBLICATION 138307-1001 06/08/2019 1 06/08/2019 Book